Nombra una capital válida #2 - Estadísticas

Estadísticas generales
  • Esta prueba ha sido intentada 3.752 veces
  • La puntuación promedio es 9 de 17
Estadísticas de respuestas
Nombra una capital que ... Respuesta % Correcto
Empieza con la letra O Oslo | Ottawa
89%
Tiene dos palabras en su nombre y la primera es "San". San José | San Marino | San Salvador
88%
Está en una isla del Caribe La Habana | Santo Domingo | Kingston | +10 otros
72%
No es la única capital de su país Sucre | La Paz | Pretoria | Ciudad del Cabo | Bloemfontein
68%
Se menciona en el Antiguo Testamento Damasco | Jerusalén
66%
Tiene una Z en su nombre Zagreb | Vaduz | La Paz | Brazzaville | Túnez
63%
Tiene una latitud más al sur de 30° Wellington | Canberra | Montevideo | Buenos Aires | Ciudad del Cabo | Santiago
61%
Está a menos de 75 km de otra capital Roma | Ciudad del Vaticano | Kinsasa | Brazzaville | Viena | Bratislava | Amán | Jerusalén
55%
Está por debajo del nivel del mar Bakú | Ámsterdam
54%
No es una de las 5 ciudades más grandes del país (por población propia de la ciudad) Bloemfontein | Canberra | Islamabad | Rabat | +4 otros
49%
Está a la vista del Himalaya Islamabad | Katmandú | Timbu
48%
Tiene una temperatura máxima media diaria de al menos 33° Celsius Jartum | Niamey | Yamena | Bamako | +10 otros
48%
Está a la vista del Cáucaso Bakú | Tiflis | Ereván
41%
Un marinero podría navegar directamente al sur y llegar a la Antártida sin tocar tierra de por medio Acra | Ciudad del Cabo | Conakri | Dakar | Lima | Lomé | Monrovia | Montevideo | Wellington
40%
Es el hogar de un emperador Tokio
33%
En su día, tuvo el edificio más alto del mundo Londres | Kuala Lumpur | Taipéi
31%
Es uno de los 200 nombres más comunes para bebés nacidos en Estados Unidos en 2021 Sofia | Santiago | Victoria | Kingston
29%
No se encontraron pruebas coincidentes
Distribución de puntuación
Porcentaje de gente con cada puntuación
Porcentaje por número respondido
Historial de tus puntuaciones
No has intentado esta prueba.